The History of University Education in Maryland : (Record no. 241393)
[ view plain ]
| 000 -LEADER | |
|---|---|
| fixed length control field | 01023cam a22002773a 4500 |
| 001 - CONTROL NUMBER | |
| control field | 12138 |
| 003 - CONTROL NUMBER IDENTIFIER | |
| control field | PGUSA |
| 005 - DATE AND TIME OF LATEST TRANSACTION | |
| control field | 20140828083245.0 |
| 008 - FIXED-LENGTH DATA ELEMENTS--GENERAL INFORMATION | |
| fixed length control field | 040401s2004||||xxu|||||s|||||000 | eng d |
| 040 ## - CATALOGING SOURCE | |
| Original cataloging agency | PGUSA |
| Language of cataloging | eng |
| 042 ## - AUTHENTICATION CODE | |
| Authentication code | dc |
| 050 #4 - LIBRARY OF CONGRESS CALL NUMBER | |
| Classification number | LD |
| 050 #4 - LIBRARY OF CONGRESS CALL NUMBER | |
| Classification number | LA |
| 100 1# - MAIN ENTRY--PERSONAL NAME | |
| Personal name | Steiner, Bernard C. |
| Fuller form of name | (Bernard Christian), |
| Dates associated with a name | 1867-1926 |
| 245 14 - TITLE STATEMENT | |
| Title | The History of University Education in Maryland : |
| Remainder of title | The Johns Hopkins University (1876-1891). With supplementary notes on university extension and the university of the future |
| Medium | [electronic resource] / |
| Statement of responsibility, etc | Bernard C. Steiner |
| 260 ## - PUBLICATION, DISTRIBUTION, ETC. (IMPRINT) | |
| Name of publisher, distributor, etc | Project Gutenberg, |
| Date of publication, distribution, etc | 2004 |
| 506 ## - RESTRICTIONS ON ACCESS NOTE | |
| Terms governing access | Public domain in the USA. |
| 516 ## - TYPE OF COMPUTER FILE OR DATA NOTE | |
| Type of computer file or data note | Electronic text |
| 653 ## - INDEX TERM--UNCONTROLLED | |
| Uncontrolled term | Johns Hopkins University -- History |
| 653 ## - INDEX TERM--UNCONTROLLED | |
| Uncontrolled term | Universities and colleges -- Maryland -- History |
| 700 1# - ADDED ENTRY--PERSONAL NAME | |
| Personal name | Moulton, Richard G. |
| Fuller form of name | (Richard Green), |
| Dates associated with a name | 1849-1924 |
| 700 1# - ADDED ENTRY--PERSONAL NAME | |
| Personal name | Gilman, Daniel Coit, |
| Dates associated with a name | 1831-1908 |
| 830 #0 - SERIES ADDED ENTRY--UNIFORM TITLE | |
| Uniform title | Project Gutenberg |
| Volume number/sequential designation | 12138 |
| 856 40 - ELECTRONIC LOCATION AND ACCESS | |
| Uniform Resource Identifier | <a href="http://www.gutenberg.org/ebooks/12138">http://www.gutenberg.org/ebooks/12138</a> |
| 942 ## - ADDED ENTRY ELEMENTS (KOHA) | |
| Koha item type | eBooks |
| Withdrawn status | Lost status | Damaged status | Home library | Current library | Date acquired | Total Checkouts | Date last seen | Price effective from | Koha item type |
|---|---|---|---|---|---|---|---|---|---|
| Project Gutenberg | Project Gutenberg | 08/28/2014 | 08/28/2014 | 08/28/2014 | eBooks |